书目信息 |
| 题名: |
络合物化学概要
|
|
| 作者: | 格林贝克 著 ;马维 译 | |
| 分册: | ||
| 出版信息: | 北京 高等教育出版社 1956 |
|
| 页数: | 506页 | |
| 开本: | 20cm | |
| 丛书名: | ||
| 单 册: | ||
| 中图分类: | O611.6 | |
| 科图分类: | ||
| 主题词: | 无机化学 | |
| 电子资源: | ||
| ISBN: | ||
| 000 | 00675nam0 2200229 450 | |
| 001 | 0630678374 | |
| 005 | 20060731163246.40 | |
| 010 | @b精装@dCNY2.20 | |
| 100 | @a20060523d1956 km y0chiy0120 ea | |
| 101 | 0 | @achi |
| 102 | @aCN@b110000 | |
| 102 | @aCN@b110000 | |
| 200 | 1 | @a络合物化学概要@Aluo he wu hua xue gai yao@f(苏)А·А·格林贝克著@F(su)А·А·ge lin bei ke zhu@g马维等译@Gma wei deng yi |
| 210 | @a北京@c高等教育出版社@d1956 | |
| 215 | @a506页@d20cm | |
| 300 | @a高等学校教学用书 | |
| 606 | 0 | @a无机化学 |
| 690 | @aO611.6@v3 | |
| 701 | 0 | @a格林贝克@Age lin bei ke@4著 |
| 702 | 0 | @a马维@Ama wei@4译 |
| 801 | 0 | @aCN@bPFT@c20060731 |
| 905 | @a10447@dO611.6@e12 | |
| 络合物化学概要/(苏)А·А·格林贝克著/马维等译.-北京:高等教育出版社,1956 |
| 506页;20cm |
| 高等学校教学用书 |
| ISBN (精装):CNY2.20 |
| ● |
| 相关链接 |
|
|
|
|
正题名:络合物化学概要
索取号:O611.6/12
 
预约/预借
| 序号 | 登录号 | 条形码 | 馆藏地/架位号 | 状态 | 备注 |
| 1 | 0017366 | 000700539 | 密集书库/ [索取号:O611.6/12] | 在馆 | |
| 2 | 0017367 | 202387274 | 密集书库/ [索取号:O611.6/12] | 在馆 | |
| 3 | 0432377 | 204323776 | 密集书库/ [索取号:O611.6/12] | 在馆 | |
| 4 | 0432523 | 204325239 | 密集书库/ [索取号:O611.6/12] | 在馆 | |
| 5 | 0433151 | 204331516 | 密集书库/ [索取号:O611.6/12] | 在馆 | |
| 6 | 0443186 | 204431864 | 密集书库/ [索取号:O611.6/12] | 在馆 | |
| 7 | 0443187 | 204431873 | 密集书库/ [索取号:O611.6/12] | 在馆 |